Tiempo salvaje / (Record no. 136780)

MARC details
000 -CABECERA
campo de control de longitud fija 01751nam a22003494i 4500
001 - NÚMERO DE CONTROL
campo de control 991061509084306706
003 - IDENTIFICADOR DEL NÚMERO DE CONTROL
campo de control ES-BaIT
005 - FECHA Y HORA DE LA ÚLTIMA TRANSACCIÓN
campo de control 20251104110722.0
008 - DATOS DE LONGITUD FIJA--INFORMACIÓN GENERAL
campo de control de longitud fija 251029s2020 sp a|||| |||| 0|0 d spa|c
017 ## - NÚMERO DE COPYRIGHT O DE DEPÓSITO LEGAL
Número de copyright o de depósito legal DL M 4340-2020
Agencia que asigna Oficina DL Madrid
020 ## - NÚMERO INTERNACIONAL ESTÁNDAR DEL LIBRO
Número Internacional Estándar del Libro 9788418119101
040 ## - FUENTE DE LA CATALOGACIÓN
Centro catalogador/agencia de origen ES-BaIT
Lengua de catalogación cat
Normas de descripción rda
Centro/agencia transcriptor ES-BaIT
080 ## - NÚMERO DE LA CLASIFICACIÓN DECIMAL UNIVERSAL
Número de la Clasificación Decimal Universal 849.9-2"20"
100 1# - ENTRADA PRINCIPAL--NOMBRE DE PERSONA
Nombre de persona Miró Coromina, Josep Maria,
Fechas asociadas al nombre 1977-
Término indicativo de función/relación autor
9 (RLIN) 34005
240 1# - TÍTULO UNIFORME
Título uniforme Temps salvatge.
Lenguaje de la obra Castellà
9 (RLIN) 167749
245 10 - MENCIÓN DE TÍTULO
Título Tiempo salvaje /
Mención de responsabilidad, etc. Josep Maria Miró ; traducción de Eva Vallines ; prólogo de Marina Garcés
250 ## - MENCIÓN DE EDICIÓN
Mención de edición Primera edición
264 #1 - PRODUCCIÓN, PUBLICACIÓN, DISTRIBUCIÓN, FABRICACIÓN Y COPYRIGHT
Producción, publicación, distribución, fabricación y copyright Madrid :
Nombre del de productor, editor, distribuidor, fabricante Ediciones Antígona,
Fecha de producción, publicación, distribución, fabricación o copyright 2020
300 ## - DESCRIPCIÓN FÍSICA
Extensión 202 pàgines :
Otras características físicas il·lustracions en color ;
Dimensiones 21 cm
336 ## - TIPO DE CONTENIDO
Término de tipo de contenido text
Código de tipo de contenido txt
Fuente rdacontent
337 ## - TIPO DE MEDIO
Nombre/término del tipo de medio sense mediació
Código del tipo de medio n
Fuente rdamedia
338 ## - TIPO DE SOPORTE
Nombre/término del tipo de soporte volum
Código del tipo de soporte nc
Fuente rdacarrier
490 1# - MENCIÓN DE SERIE
Mención de serie Teatro ;
Designación de volumen o secuencia 166
500 ## - NOTA GENERAL
Nota general P10: D6, H4
520 ## - SUMARIO, ETC.
Sumario, etc. "Una tranquila urbanización de una pequeña población fronteriza organiza una celebración para los jóvenes que tendrá lugar en el pabellón municipal situado a la salida de la localidad, cerca de una zona boscosa por donde transitan personas extranjeras de manera irregular. Una mañana aparecen varias pintadas con un mensaje amenazador: «Volveremos para violar a vuestras mujeres». Una espiral de miedo, suposiciones y violencia se apoderará de esta población y trastornará la vida rutinaria de sus habitantes, perturbando gravemente sus normas de convivencia." -- Contracoberta
700 1# - ENTRADA AGREGADA--NOMBRE PERSONAL
Nombre de persona Garcés, Marina,
Fechas asociadas al nombre 1973-
Término indicativo de función/relación escriptor d'un pròleg
9 (RLIN) 66531
700 1# - ENTRADA AGREGADA--NOMBRE PERSONAL
Nombre de persona Vallines, Eva
Término indicativo de función/relación traductor
9 (RLIN) 167750
830 #0 - PUNTO DE ACCESO ADICIONAL DE SERIE-TÍTULO UNIFORME
Título uniforme Teatro (Ediciones Antígona)
Designación de volumen o secuencia 166
9 (RLIN) 145202
908 ## - COLOCAR PARÁMETRO DE COMANDO (RLIN)
Colocar parámetro de comando CDMAE
940 ## - EQUIVALENCIA O REFERENCIA-CRUZADA--TÍTULO UNIFORME [OBSOLETO] [solamente CAN/MARC]
Título uniforme <a href="CVA2">CVA2</a>
942 ## - ELEMENTOS DE ENTRADA AGREGADA (KOHA)
Fuente del sistema de clasificación o colocación Clasificación decimal universal
Tipo de ítem Koha Llibre
Holdings
Estado de retiro Estado de pérdida Fuente del sistema de clasificación o colocación Estado dañado No para préstamo Localización permanente Ubicación/localización actual Ubicación en estantería Fecha de adquisición Fuente de adquisición Total de préstamos Signatura topográfica completa Código de barras Fecha visto por última vez Precio válido a partir de Tipo de ítem Koha
    Clasificación decimal universal     Biblioteca Barcelona Biblioteca Barcelona BCN Lliure Accés 04/11/2025 Compra   849 MIROC tem 1900089433 04/11/2025 04/11/2025 Llibre

Powered by Koha